Antología poética /

Guardado en:
Autor Principal: Quevedo, Francisco de.
Formato: Libro
Idioma:Undetermined
Publicado: Buenos Aires : Hyspamerica, 1984.
Edición:1a ed.
Series:Historia Universal de la Literatura ; 76
Materias:
Etiquetas: Agregar Etiqueta
Sin Etiquetas, Sea el primero en etiquetar este registro!
LEADER 00802nam a22002175a 4500
001 CEM.cems024460
008 250206s1984####ag############000#0#und#d
005 20250206133551.0
245 1 0 |a Antología poética /  |c Francisco de Quevedo. 
250 |a 1a ed. 
260 |a Buenos Aires :  |b Hyspamerica,  |c 1984. 
300 |a 173 p. 
490 1 |a Historia Universal de la Literatura ;  |v 76 
500 |a Contiene índice de versos por orden alfabético. 
505 0 |a Poemas filosóficos y religiosos -- Poemas líricos y elegíacos -- Poemas amorosos -- Poemas satíricos y burlescos 
020 |a 9506142106 
100 1 |a Quevedo, Francisco de. 
653 |a Poesía española 
653 |a Siglo de oro español 
653 |a Literatura española 
859 |a CEMS  |b BIB. CEMS - 11 de abril  |h 861.3  |i Q38-2  |p 29733.24  |t Ej.1